Open Data Biblioteca Nacional de Portugal


República Portuguesa: Ministério da Cultura
Biblioteca Nacional de Portugal

Catálogo da BNP: acesso por Identificadores Unívocos
Registos Bibliográficos associados ao registo de autoridade

Etiqueta de registo: 00230nam 2200025 450
001 1795257
003 http://id.bnportugal.gov.pt/bib/catbnp/1795257
021 ## $aPT$b325422/11
100 ## $a20111122d2011 m y0pory01030103ba
101 0# $apor
102 ## $aPT
105 ## $aa z 000yy
106 ## $ar
200 1# $a15 anos a voar nas emoções$fAna Cristina Oliveira
205 ## $a1ª ed
210 #9 $aFaro$cEscola Secundária Pinheiro e Rosa,$d2011
215 ## $a199 p.$cil.$d21 cm
675 ## $a371.3(469.601)$vBN$zpor$31507126
675 ## $a371.84(469.601)$vBN$zpor$31498181
675 ## $a373.5(469.601)$vBN$zpor$31513094
700 #1 $aOliveira,$bAna Cristina,$f1963-$31306674
801 #0 $aPT$bBN$gRPC
856 41 $uhttp://rnod.bnportugal.gov.pt/ImagesBN/winlibimg.aspx?skey=&doc=1795257&img=18315&save=true
966 ## $lBN$mFGMON$sS.C. 131449 V.$x1
966 ## $lBN$mFGMON$sS.C. 131449 V.-D$x1

Etiqueta de registo: 00230nam 2200025 450
001 1697651
003 http://id.bnportugal.gov.pt/bib/catbnp/1697651
010 ## $a978-972-772-858-9
021 ## $aPT$b286556/08
100 ## $a20081211d2008 m y0pory0103 ba
101 0# $apor
102 ## $aPT
105 ## $ay z 000by
106 ## $ar
200 1# $aSegredos do levante$eteatro$fAna Cristina Oliveira
210 #9 $aLisboa$cColibri,$d2008
215 ## $a152, [1] p.$cil.$d21cm
225 2# $aTribuna livre
675 ## $a821.134.3-2"20"$vBN$zpor$31054329
700 #1 $aOliveira,$bAna Cristina,$f1963-$31306674
801 #0 $aPT$bBN$gRPC
900 ## $aBIBNAC$d20100722
966 ## $lBN$mFGMON$sL. 103766 V.$x1
966 ## $lBN$mFGMON$sL. 103766 V.-D$x1

Etiqueta de registo: 00230nam 2200025 450
001 1668506
003 http://id.bnportugal.gov.pt/bib/catbnp/1668506
100 ## $a20071009d2004 k y0pory0103 ba
101 0# $apor$deng
102 ## $aPT
105 ## $aa m 001yy
106 ## $ar
200 1# $aConstrução de uma didáctica da filosofia mediante uma estética teatral$bTexto policopiado]$e uma estratégia com vista à educação para a cidadania$fAna Cristina Nabais de Oliveira$gorient. Maria Eugénia Miranda Afonso Vasques
210 #9 $aFaro$c[s.n.],$d2004
215 ## $a178 f.$cil.$d30 cm
320 ## $aBibliografia, f. 160-162
328 #0 $bTese mestr.$cEducação Artística (especial. Teatro e Educação)$eFac. de Ciências Humanas e Sociais, Univ. do Algarve$d2004
675 ## $a37.03(043)$vBN$zpor$3472533
675 ## $a111.85(043)$vBN$zpor$3428672
675 ## $a792.01(043)$vBN$zpor$31240903
675 ## $a373.5(469)(043)$vBN$zpor$3339309
700 #1 $aOliveira,$bAna Cristina,$f1963-$31306674
702 #1 $aVasques,$bEugénia,$f1948-$4727$3869127
712 02 $aUniversidade do Algarve.$bFaculdade de Ciências Humanas e Sociais$4295$31146869
801 #0 $aPT$bBN$gRPC
966 ## $lBN$mFGMON$sS.C. 111577 V.$x1

Etiqueta de registo: 00254nam 2200025 450
001 2286488
003 http://id.bnportugal.gov.pt/bib/catbnp/2286488
010 ## $a978-989-33-9325-3
021 ## $aPT$b561285/26
100 ## $a20260519d2026 m y0pory01030103ba
101 0# $apor
102 ## $aPT
105 ## $aa z 000yy
106 ## $ar
200 1# $aEspreitar para debaixo do tapete$e30 anos de peripécias insólitas$fcoord. Ana Cristina Oliveira$gAida Correia... [et al.]
205 ## $a1ª ed
210 #9 $a[S.l.]$cAssociação Cultural Música XXI,$d2026
215 ## $a117, XIX, [1] p.$cil.$d21 cm
675 ## $a792(469.601)(042)$vBN$zpor$32001605
675 ## $a37.091.3(469.601)(042)$vBN$zpor$32001604
701 #1 $92$aCorreia,$bAida$4070$31998691
702 #1 $aOliveira,$bAna Cristina,$f1963-$4340$31306674
801 #0 $aPT$bBN$gRPC
856 41 $uhttp://rnod.bnportugal.gov.pt/ImagesBN/winlibimg.aspx?skey=&doc=2286488&img=223743&save=true
966 ## $lBN$mFGMON$sS.C. 169383 V.$x1
966 ## $lBN$mFGMON$sS.C. 169383 V.-D$x1
971 ## $cisantos$d20260519
973 ## $caalmeid$d20260624

OpendataBNP@bnportugal.pt | Mais informação sobre acesso aos dados BNP